Countries Without Vowels Quiz #12 - Statistics

General Stats
  • This quiz has been taken 11 times
  • The average score is 13 of 14
Answer Stats
Countries (No Vowels) Countries % Correct
HNGRY Hungary
100%
RSS Russia
100%
SNT VNCNT ND TH GRNDNS Saint Vincent and the Grenadines
100%
SYR Syria
100%
TVL Tuvalu
100%
BRBDS Barbados
90%
MLDVS Maldives
90%
MNC Monaco
90%
MN Oman
90%
PKSTN Pakistan
90%
TNS Tunisia
90%
STRL Australia
80%
SWTN Eswatini
80%
NTD RB MRTS United Arab Emirates
80%
No matching quizzes found
Score Distribution
Percent of People with Each Score
Percentile by Number Answered
Your Score History
You have not taken this quiz